| 000 | 00586nam a2200217 a 4500 | ||
|---|---|---|---|
| 001 | 11213 | ||
| 003 | CO-ViMGA | ||
| 008 | 141112s2004 ck r 000 u spa d | ||
| 020 | _a9800104860 | ||
| 040 |
_aCO-ViMGA _bspa _cCO-ViMGA |
||
| 082 | 0 | 4 | _aV864.6 M44u |
| 100 | 1 |
_aMijares, Augusto _915616 |
|
| 245 | 1 | 0 | _aEl último Venezolano |
| 250 | _a1 | ||
| 260 |
_aCaracas, _cMonte Avila editores, _c1991 |
||
| 300 | _a268 p. | ||
| 490 | _acolección el dorado | ||
| 650 | 1 | 4 |
_aENSAYOS VENEZOLANOS _915617 |
| 650 | 1 | 4 |
_aVENEZUELA HISTORIA - ENSAYOS CONFERENCIAS _915618 |
| 942 |
_2ddc _cBK |
||
| 999 |
_c22423 _d22423 |
||